Word Chain A-Z - Statistics

General Stats
  • This quiz has been taken 4,779 times
  • The average score is 15 of 26
Answers on the Map
Answers color-coded by a green-red scale on the quiz's map according to % correct below.
 
Answer Stats
Answers % Correct
Blanc
93%
Hawaii
90%
JetPunk
88%
Dumbledore
87%
Adverb
84%
Chad
84%
Qatar
80%
Lithium
78%
Wax
78%
Goulash
69%
Kabul
69%
Elf
68%
Nero
67%
Tiramisu
66%
Zelda
66%
Fencing
64%
Rhinoceros
55%
X-Ray
51%
Matterhorn
50%
View
41%
Stuart
33%
IJ
19%
Yazz
13%
Overlap
12%
Ulyanov
12%
POSSLQ
3%
No matching quizzes found
Score Distribution
Percent of People with Each Score
Percentile by Number Answered
Your Score History
You have not taken this quiz